| 000 | 01130nac a22002651u 4500 | ||
|---|---|---|---|
| 010 | _a82019643 | ||
| 020 | _a0873957326 | ||
| 020 | _a0873957334 (pbk.) | ||
| 082 | 0 | 0 |
_a364.1680973 _bF543 |
| 090 |
_c1682 _d1682 |
||
| 100 | _aFisse, Brent. | ||
| 245 | 1 | 4 |
_aThe impact of publicity on corporate offenders / _cBrent Fisse and John Braithwaite. |
| 260 |
_aAlbany : _bState University of New York Press, _cc1983. |
||
| 300 |
_aviii, 393 p. ; _c24 cm. |
||
| 440 | 0 | _aSUNY series on critical issues in criminal justice | |
| 504 | _aIncludes bibliographical references and index. | ||
| 650 | 0 |
_aCriminal investigation _zUnited States _xCase studies. |
|
| 650 | 0 |
_aCorporations _xCorrupt practices _zUnited States _xCase studies. |
|
| 650 | 0 |
_aCorporations _xCorrupt practices _xCase studies. |
|
| 650 | 0 |
_aPublicity _xSocial aspects _xCase studies. |
|
| 650 | 0 |
_aCrime prevention _zUnited States _xCase studies. |
|
| 700 | 1 | _aBraithwaite, John. | |
| 942 |
_cBB _k364.1680973F543 |
||
| 999 |
_c1682 _d1682 |
||